00574nam a2200169Ia 4500008004100000020001800041041000800059082001600067100001900083245006300102250000600165260006100171300001300232650001000245999001900255952013000274210716s2009 xx 000 0 und d a9780070142602 aeng a005.44 SOYW aSoyinka, Wale. aLinux administration: a beginners guide.bBeginners guide. a5 aNew DelhibTata McGraw Hill Publishing Company Ltdc2009 axxvi,662 aLinux c190596d190596 001040708MCAaAIMITbAIMITeKnowledge Worldg550.00l0o005.44 SOYWpMCA10104r2026-05-23 00:00:00v412.50w2021-07-16yBK